Rekabetin Korunması Hakkındaki Kanun'da öngörülen yasaklayıcı hükümler ve bu hükümlere aykırı sözleşme ve teşebbüs birliği kararlarının geçersizliği (Record no. 4242)
[ view plain ]
| 000 -BAŞLIK | |
|---|---|
| Sabit Uzunlukta Kontrol Alanı | 00876na a2200265 4500 |
| 001 - KONTROL NUMARASI | |
| Denetim Alanı | 16874 |
| 003 - KONTROL NUMARASI IDENTIFIER | |
| Denetim Alanı | MIRAKIL |
| 005 - SON İŞLEM TARİHİ VE ZAMANI | |
| Denetim Alanı | 20181213154958.0 |
| 008 - SABİT-BOY VERİ ELEMANLARI - GENEL BİLGİLER | |
| Sabit Uzunlukta Kontrol Alanı | 161016b tu 000 0 |
| 020 ## - ULUSLARARASI STANDART KİTAP NUMARASI | |
| Uluslararası Standart Kitap Numarası | 9758301136 |
| 040 ## - KATALOGLAMA KAYNAK | |
| Orijinal Kataloglama Ajansı | Milas |
| Kataloglama Dili | tur |
| Metne Dönüştürmek Ajansı | TR-AnCHP |
| 041 ## - DİL KODU | |
| Metin / Ses Parça Veya Ayrı Başlığın Dil Kodu | tur |
| 082 ## - DEWEY ONLU SINIFLANDIRMA NUMARASI | |
| Sınıflandırma Numarası | 343.0721 |
| Ürün Numarası | S25r 2000 |
| 090 ## - SINIFLAMA NUMARASI | |
| Sınıflama Numarası | 343.0721 S25r 2000 |
| 100 ## - ANA GİRİŞ - KİŞİSEL İSİM | |
| Kişisel Ad | Sanlı, Kerem Cem |
| 245 ## - BAŞLIK TABLOSU | |
| Başlık | Rekabetin Korunması Hakkındaki Kanun'da öngörülen yasaklayıcı hükümler ve bu hükümlere aykırı sözleşme ve teşebbüs birliği kararlarının geçersizliği |
| Sorumluluk Tablosu, Vb | Kerem Cem Sanlı |
| 260 ## - YAYIN, DAĞITIM, VB | |
| Yayın, Dağıtım, Vb Yeri | Ankara |
| Yayıncı, Dağıtıcı, Vs Adı | Rekabet Kurumu |
| Yayın, Dağıtım, Vb Tarihi | 2000 |
| 300 ## - FİZİKSEL TANIM | |
| Kapsam | xii, 514 s. |
| Boyutlar | 24 sm. |
| 440 ## - SERİSİ TABLOSU / KATMA GİRİŞİ - BAŞLIK | |
| Başlık | Rekabet Kurumu |
| Hacim / Ardışık Tanımı | 49 |
| 490 ## - SERİSİ TABLOSU | |
| Seri Beyanı | Lisansüstü Tez serisi |
| Hacim / Ardışık Tanımı | 3 |
| 504 ## - KAYNAKÇA VB NOT | |
| Kaynakça Vb Notu | Kaynakça var. |
| 650 ## - KONU KATMA GİRİŞ - TOPİKAL DÖNEM | |
| Topikal Süreli Veya Coğrafi Ad Giriş Elemanı | Rekabet hukuku |
| Coğrafi Alt Bölümü | Türkiye |
| 942 ## - EKLENDİ GİRİŞ ELEMANLARI (KOHA) | |
| Sınıflandırma Veya Raf Düzeni Kaynak | |
| Koha Öğesi Türü | Books |
| 999 ## - SİSTEM KONTROL NUMARALARI (KOHA) | |
| Koha Biblionumber | 4242 |
| Koha Biblioitemnumber | 4242 |
| 657 ## - INDEX SÜRE - İŞLEVİ | |
| -- | Rekabetin Korunması Hakkında Kanun |
| Kalıcı Konum | Mevcut Konum | Edinme Tarihi | Edinim Kaynak | Toplam Check-Out'Lar | Tam Çağrı Numarası | Barkod | Tarih Son Görülme | İtibaren Geçerli Fiyatlar | Koha Öğesi Türü |
|---|---|---|---|---|---|---|---|---|---|
| CHP Kütüphanesi | CHP Kütüphanesi | 10/16/2016 | Bağış | 343.0721 S25r 2000 | 005372 | 10/16/2016 | 10/16/2016 | Books |
